Estructura basica del Derecho Penal /

Guardado en:
Autor Principal: Zaffaroni, Eugenio Raúl
Formato: Libro
Idioma:Spanish
Publicado: Buenos Aires : Ediar, 2009
Edición:1º ed.
Materias:
Etiquetas: Agregar Etiqueta
Sin Etiquetas, Sea el primero en etiquetar este registro!
LEADER 00478nam a22001575a 4500
001 DER.der011242
008 180615s2009####ag#||||||||||||||#||spa||
005 20210908114726.0
245 1 0 |a Estructura basica del Derecho Penal /  |c Eugenio Raúl Zaffaroni 
250 |a 1º ed. 
260 |a Buenos Aires :  |b Ediar,  |c 2009 
300 |a 290 p.  |e 2 DVD 
020 |a 9789505742516 
100 1 |a Zaffaroni, Eugenio Raúl 
653 |a DERECHO PENAL 
859 |a DERECHO  |b BIB. DERECHO  |h 345  |i ZAF  |k 1.13  |p 006628  |t 1